| 000 | 00482nam a2200145 i 4500 | ||
|---|---|---|---|
| 001 | 81933 | ||
| 003 | ES-MaACL | ||
| 007 | t| | ||
| 008 | 041108s1921 sp ||||1| spa d | ||
| 245 | 0 | 0 | _aIndice provisional de los libros del Decanato de Filosofía y Letras de la Universidad de Madrid. |
| 260 |
_aMadrid : _b[s.n.], _c1921 ( _fJaime Ratés) |
||
| 300 |
_a404 p. ; _c20 cm. |
||
| 710 | 2 |
_aUniversidad de Madrid. _bDecanato de Filosofía y Letras. _97208 |
|
| 852 |
_aES-MaACL _jB-6010 |
||
| 999 |
_c81933 _d81933 |
||